[Event "St.Petersburg Summer Open"]
[Site "St Petersburg RUS"]
[Date "2016.08.25"]
[Round "9.42"]
[White "Stepanov, Andrey"]
[Black "Kuzmishin, Leonid"]
[Result "1-0"]
[WhiteElo "1995"]
[BlackElo "1762"]
[WhiteFideId "24198730"]
[BlackFideId "34136387"]
[EventDate "2016.08.17"]

1. e4 e6 2. d4 d5 3. Nc3 Bb4 4. a3 Bxc3+ 5. bxc3 Ne7 6. Qg4 Ng6 7. e5 b6 8. h4
h5 9. Qg3 Ba6 10. Ne2 Rh7 11. Nf4 Nxf4 12. Bxf4 Bxf1 13. Kxf1 Nc6 14. Qd3 Rh8
15. Bg5 Qd7 16. Ke2 Na5 17. Qa6 Qa4 18. Kd3 Qc4+ 19. Qxc4 Nxc4 20. Rhb1 Kd7 21.
Rb4 Rhc8 22. Rxc4 dxc4+ 23. Kxc4 c5 24. Kd3 cxd4 25. cxd4 Rc6 26. Bd2 Rac8 27.
c3 Ke7 28. f3 b5 29. g4 Rc4 30. gxh5 Rh8 31. Rg1 Kf8 32. h6 gxh6 33. h5 a6 34.
Rg3 Ra4 35. Bc1 Rc4 36. Rg2 Ke7 37. Bd2 Ra4 38. Bc1 Rc4 39. f4 Rhc8 40. Bb2 Rh8
41. Rg3 Kf8 42. f5 Rg8 43. Rf3 exf5 44. Bc1 Ke7 45. Bxh6 Ke6 46. Bd2 f6 47. exf6
Kxf6 48. h6 Ke6 49. Rh3 Rh8 50. Bf4 Rh7 51. Rg3 Kf7 52. Kc2 Rc6 53. Rh3 Rc4 54.
Kb3 Kg6 55. Kb2 Re7 56. Rg3+ Kh7 57. Kb3 Rc6 58. d5 Rc8 59. d6 Rf7 60. Rd3 Rd8
61. c4 Rdd7 62. c5 a5 63. c6 Rd8 64. d7 Rg8 65. d8=Q Rxd8 66. Rxd8 Re7 67. Rd7 1-0

[Event "St.Petersburg Summer Open"]
[Site "St Petersburg RUS"]
[Date "2016.08.25"]
[Round "9.43"]
[White "Efremov, Vladislav"]
[Black "Zabolotnov, Evgeny"]
[Result "1/2-1/2"]
[WhiteElo "1937"]
[BlackElo "1994"]
[WhiteFideId "44159935"]
[BlackFideId "34157619"]
[EventDate "2016.08.17"]

1. d4 d5 2. c4 c6 3. Nd2 Nf6 4. Ngf3 Bf5 5. Nh4 Be4 6. e3 e6 7. Be2 Nbd7 8. O-O
Bd6 9. g3 Qe7 10. f3 Bg6 11. e4 dxe4 12. Nxg6 hxg6 13. fxe4 e5 14. d5 Bb4 15.
Bd3 Nc5 16. Qe2 Nxd3 17. Qxd3 Bc5+ 18. Kg2 Qd7 19. h4 g5 20. Nb3 Be7 21. Bxg5
Nh5 22. Bxe7 Qxe7 23. Qe3 Rh6 24. Rf5 Nf6 25. Qc3 Nd7 26. Raf1 f6 27. dxc6 bxc6
28. Qe3 a5 29. a3 a4 30. Nd2 Rb8 31. Rb1 Nc5 32. Rff1 Kf7 33. b4 axb3 34. Nxb3
Ne6 35. Nd2 Rhh8 36. Nf3 Qc7 37. Qc3 Ke7 38. Qe3 Rhd8 39. Rfd1 Qa5 40. Rxb8 Rxb8
41. Qd2 Qc7 42. Qc3 Qb6 43. a4 Qb4 44. Qd3 Rd8 45. Qc2 Rxd1 46. Qxd1 Qxc4 47. a5
Qb5 48. Qd2 Nc5 49. Qa2 Qa4 50. Qxa4 Nxa4 51. Nd2 Kd6 52. Kf3 Kc5 53. Kg4 g6 54.
h5 gxh5+ 55. Kxh5 Kd6 56. Kg6 Ke6 57. Nc4 Nc5 58. Nd2 1/2-1/2

[Event "St.Petersburg Summer Open"]
[Site "St Petersburg RUS"]
[Date "2016.08.25"]
[Round "9.44"]
[White "Pankova, Julia"]
[Black "Ustinov, Alexey"]
[Result "1/2-1/2"]
[WhiteElo "1845"]
[BlackElo "2117"]
[WhiteFideId "34103276"]
[BlackFideId "24126209"]
[EventDate "2016.08.17"]

1. e4 c5 2. Nf3 Nc6 3. d4 cxd4 4. Nxd4 e5 5. Nb5 a6 6. Nd6+ Bxd6 7. Qxd6 Qf6 8.
Qc7 Nge7 9. Nc3 O-O 10. Bd3 b5 11. Qb6 Qg6 12. O-O Nb4 13. Qxg6 hxg6 14. Be3
Nxd3 15. cxd3 d6 16. Rac1 Be6 17. a3 Rfc8 18. Ne2 Bb3 19. f3 Bc2 20. d4 Bd3 21.
Rfe1 f6 22. Kf2 Kf7 23. Rxc8 Rxc8 24. Rc1 Bc4 25. Rc3 Be6 26. d5 Bd7 27. Rxc8
Bxc8 28. Bb6 Ke8 29. Nc1 Bb7 30. Nb3 Kd7 31. Ke2 Nc8 32. Be3 Kc7 33. Nd2 g5 34.
Bf2 Ne7 35. Be3 Ng6 36. Kf2 Bc8 37. b4 1/2-1/2

[Event "St.Petersburg Summer Open"]
[Site "St Petersburg RUS"]
[Date "2016.08.25"]
[Round "9.45"]
[White "Timirev, Sergey"]
[Black "Shinkevich, Maksim"]
[Result "1/2-1/2"]
[WhiteElo "1693"]
[BlackElo "2052"]
[WhiteFideId "24181676"]
[BlackFideId "24176389"]
[EventDate "2016.08.17"]

1. d4 Nf6 2. c4 g6 3. Nc3 Bg7 4. e4 d6 5. Nf3 O-O 6. Be2 e5 7. Be3 Ng4 8. Bg5 f6
9. Bh4 g5 10. Bg3 Nh6 11. Qd2 c6 12. dxe5 dxe5 13. O-O-O Qe7 14. Qd6 Qxd6 15.
Rxd6 Nf7 16. Rdd1 Be6 17. Nd2 Nd7 18. f3 Rfd8 19. Bf2 Bf8 20. Nf1 Nd6 21. b3 a6
22. h4 b5 23. cxb5 axb5 24. hxg5 fxg5 25. Ne3 Nf7 26. Nc2 Rdc8 27. Kb2 b4 28.
Na4 Rc7 29. Ne3 Nd6 30. Rc1 c5 31. Bc4 Nxc4+ 32. Nxc4 Raa7 33. Kb1 Ra6 34. Be3
h6 35. Rc2 Kf7 36. Kc1 Raa7 37. Kd2 Rcb7 38. Ncb2 Rc7 39. Rhc1 Ra5 40. Nc4 Rb5
41. Ke2 Ke8 42. Rd1 Rc6 43. Rdd2 Ra6 44. Kf2 Rb8 45. Ncb2 Rc8 46. Nc4 Rcc6 47.
Ke2 Be7 48. Kf2 Bf8 49. g4 Ra8 50. Kg3 Rac8 51. Rh2 Bf7 52. Bc1 Ra6 53. Be3 Rac6 1/2-1/2

[Event "St.Petersburg Summer Open"]
[Site "St Petersburg RUS"]
[Date "2016.08.25"]
[Round "9.46"]
[White "Mestnikov, Aidin"]
[Black "Gatalov, Dmitriy"]
[Result "1-0"]
[WhiteElo "1649"]
[BlackElo "1919"]
[WhiteFideId "34160210"]
[BlackFideId "44153546"]
[EventDate "2016.08.17"]

1. d4 d5 2. Nf3 Nf6 3. Bf4 e6 4. e3 c5 5. c3 Nc6 6. Bd3 Be7 7. Nbd2 cxd4 8. exd4
a6 9. Ne5 Nxe5 10. Bxe5 b5 11. O-O h5 12. h3 g5 13. f4 g4 14. hxg4 hxg4 15. Bxf6
Bxf6 16. Qxg4 e5 17. Qe2 e4 18. Bxe4 Kf8 19. Bd3 Bh4 20. Nf3 Bg3 21. Qe5 f6 22.
Qe3 Qd7 23. Bg6 Bb7 24. f5 Qg7 25. Qe6 Rd8 26. Rae1 Bxe1 27. Rxe1 Qd7 28. Qxf6+
Kg8 29. Re7 1-0

[Event "St.Petersburg Summer Open"]
[Site "St Petersburg RUS"]
[Date "2016.08.25"]
[Round "9.47"]
[White "Smorodkin, Kirill"]
[Black "Yakovlev, Yuri S."]
[Result "1/2-1/2"]
[WhiteElo "1624"]
[BlackElo "1891"]
[WhiteFideId "44176678"]
[BlackFideId "4173929"]
[EventDate "2016.08.17"]

1. e4 c5 2. Nf3 e6 3. d4 cxd4 4. Nxd4 a6 5. Bd3 b5 6. O-O Bb7 7. a4 b4 8. Nd2
Qc7 9. Qe2 d6 10. Nc4 Nf6 11. Bg5 Be7 12. a5 Nbd7 13. Rfe1 h6 14. Bh4 Ng8 15.
Bxe7 Nxe7 16. Qg4 Ne5 17. Nxe5 dxe5 18. Nb3 O-O 19. Qg3 Ng6 20. Rac1 Nf4 21. Qe3
Qe7 22. Nc5 Qg5 23. Qg3 Qe7 24. Qe3 Qg5 25. Qg3 Qe7 26. Qe3 1/2-1/2

[Event "St.Petersburg Summer Open"]
[Site "St Petersburg RUS"]
[Date "2016.08.25"]
[Round "9.48"]
[White "Bezobrazov, Lev"]
[Black "Lyazhkov, Sergey"]
[Result "0-1"]
[WhiteElo "1528"]
[BlackElo "1799"]
[WhiteFideId "4152409"]
[BlackFideId "34132624"]
[EventDate "2016.08.17"]

1. e4 c5 2. Nf3 d6 3. d4 cxd4 4. Nxd4 Nf6 5. Nc3 g6 6. Be3 Bg7 7. f3 O-O 8. Qd2
Nc6 9. Bc4 Bd7 10. h4 h5 11. O-O-O Qa5 12. Kb1 Rfc8 13. Bb3 Ne5 14. Nd5 Qxd2 15.
Rxd2 Nxd5 16. Bxd5 Nc4 17. Bxc4 Rxc4 18. Rd3 Rac8 19. Rc1 a5 20. c3 b5 21. Ne2
f5 22. Ng3 Be5 23. f4 fxe4 24. Rd2 Bf6 25. Bd4 Bxh4 26. Ne2 Bg4 27. Rh1 Bf6 28.
Bxf6 exf6 29. Nd4 b4 30. cxb4 axb4 31. Re1 d5 32. Nb3 Be6 33. Na5 R4c7 34. g3
Ra8 35. Nb3 Kf7 36. Nd4 Ke7 37. b3 Rc3 38. Rg1 Rac8 39. Nc2 e3 40. Rh2 Rxc2 41.
Rxc2 Bf5 42. Rg2 d4 43. Kc1 Rxc2+ 44. Rxc2 Bxc2 45. Kxc2 e2 46. Kd2 d3 47. Ke1
g5 0-1

[Event "St.Petersburg Summer Open"]
[Site "St Petersburg RUS"]
[Date "2016.08.25"]
[Round "9.49"]
[White "Delevic, Nina"]
[Black "Smirnov, Dmitrii"]
[Result "0-1"]
[WhiteElo "1776"]
[BlackElo "1569"]
[WhiteFideId "939650"]
[BlackFideId "34191868"]
[EventDate "2016.08.17"]

1. d4 d5 2. Nf3 Nf6 3. g3 e6 4. Bg2 Be7 5. Nbd2 O-O 6. O-O Nbd7 7. b3 b5 8. c4
bxc4 9. bxc4 c6 10. Qa4 Nb6 11. Qxc6 Ba6 12. Ng5 Rc8 13. Nxe6 Rxc6 14. Nxd8 Rxd8
15. cxd5 Nbxd5 16. Re1 Rc2 17. e4 Nc3 18. e5 Nfd5 19. Nb3 Ne2+ 20. Kh1 Bb4 21.
Be4 Bxe1 22. Bxc2 Bxf2 23. Nc5 Bxd4 0-1

[Event "St.Petersburg Summer Open"]
[Site "St Petersburg RUS"]
[Date "2016.08.25"]
[Round "9.52"]
[White "Kuizhev, Adam"]
[Black "Bobolev, Stanislav"]
[Result "1-0"]
[WhiteElo "1700"]
[BlackElo "1604"]
[WhiteFideId "44166265"]
[BlackFideId "24282855"]
[EventDate "2016.08.17"]

1. e4 e5 2. Nf3 Nf6 3. Nxe5 d6 4. Nf3 Nxe4 5. d4 d5 6. Bd3 Bd6 7. O-O O-O 8. c4
c6 9. Nc3 Bf5 10. Re1 Re8 11. Qc2 Na6 12. a3 Qa5 13. Nxe4 dxe4 14. Bxe4 Re7 15.
Bg5 Bxe4 16. Rxe4 Nb4 17. Qb1 Rxe4 18. Qxe4 c5 19. d5 Qa4 20. Re1 h6 21. axb4
hxg5 22. Nxg5 g6 23. Qh4 Kg7 24. Qh7+ Kf6 25. Ne4+ Ke7 26. Nxc5+ 1-0

[Event "St.Petersburg Summer Open"]
[Site "St Petersburg RUS"]
[Date "2016.08.25"]
[Round "9.54"]
[White "Zhemchuzhina, Elizaveta"]
[Black "Zakharov, Yuri"]
[Result "1-0"]
[WhiteElo "1867"]
[BlackElo "1703"]
[WhiteFideId "34106607"]
[BlackFideId "4166620"]
[EventDate "2016.08.17"]

1. d4 Nf6 2. c4 g6 3. Nc3 Bg7 4. e4 O-O 5. Nf3 d6 6. Be2 Nbd7 7. O-O e5 8. Qc2
c6 9. d5 cxd5 10. cxd5 a6 11. Bg5 h6 12. Bd2 Ne8 13. g3 Ndf6 14. Rfe1 Bh3 15.
Qb3 Qb8 16. a4 b6 17. Be3 Nd7 18. Nd2 f5 19. exf5 gxf5 20. Nc4 f4 21. Bxb6 fxg3
22. hxg3 Nc5 23. Qd1 Qc8 24. Bxc5 Qxc5 25. Ne4 Qc7 26. Ne3 Bc8 27. Rc1 Qa7 28.
Bg4 Bb7 29. Be6+ Kh8 30. Qg4 Nf6 31. Nxf6 Bxf6 32. Qg6 Bg7 33. Rc7 Rg8 34. Bf5 1-0

[Event "St.Petersburg Summer Open"]
[Site "St Petersburg RUS"]
[Date "2016.08.25"]
[Round "9.55"]
[White "Zvereva, Svetlana"]
[Black "Lapin, Nikita"]
[Result "0-1"]
[WhiteElo "1579"]
[BlackElo "1641"]
[WhiteFideId "24121282"]
[BlackFideId "34164887"]
[EventDate "2016.08.17"]

1. e4 c5 2. Nf3 e6 3. d4 cxd4 4. Nxd4 Qb6 5. Nb3 Qc7 6. Bd3 Nc6 7. c3 Nf6 8.
N1d2 Be7 9. O-O O-O 10. f4 a6 11. e5 Nd5 12. Nf3 b5 13. Kh1 Bb7 14. Be4 d6 15.
Bxd5 exd5 16. exd6 Bxd6 17. Nfd4 Bc8 18. Qh5 Nxd4 19. Nxd4 Qc4 20. Be3 Re8 21.
Bg1 Re4 22. f5 Be5 23. Rfe1 Bf6 24. Qf3 Bb7 25. a3 Rae8 26. Red1 Be5 27. h3 Bc8
28. Qh5 Bf6 29. Bf2 R4e5 30. Bg3 Re4 31. Bf2 R4e5 32. Bg3 Re4 33. Bf2 Qc7 34.
Qf3 Qf4 35. Bg3 Qg5 36. Rf1 Bxd4 37. cxd4 Rxd4 38. Rad1 Rxd1 39. Rxd1 Bb7 40.
Bd6 h6 41. Qf2 Qh5 42. Re1 Rxe1+ 43. Qxe1 Qxf5 44. Qe8+ Kh7 45. Qe7 Bc8 46. b4
Be6 47. Qa7 Bc8 48. Qe3 Qe6 49. Qg3 Bb7 50. Be5 Qg6 51. Qf2 Qe4 52. Qb2 f6 53.
Bc3 Bc8 54. Kh2 Qf4+ 55. Kg1 Qe3+ 56. Kh2 Bf5 57. Bd4 Qf4+ 58. Kg1 Be4 59. Bc5
Qg3 60. Bd6 Qxd6 0-1

[Event "St.Petersburg Summer Open"]
[Site "St Petersburg RUS"]
[Date "2016.08.25"]
[Round "9.56"]
[White "Yun, Vyacheslav"]
[Black "Stroganov, Anatoly"]
[Result "1-0"]
[WhiteElo "1750"]
[BlackElo "1762"]
[WhiteFideId "34126667"]
[BlackFideId "4178955"]
[EventDate "2016.08.17"]

1. e4 d6 2. d4 g6 3. Nc3 Nf6 4. f4 Bg7 5. Nf3 c5 6. dxc5 Qa5 7. Qd3 Qxc5 8. Be3
Qa5 9. Qb5+ Nc6 10. Qxa5 Nxa5 11. Nb5 Kd7 12. e5 Nd5 13. Bd2 Nc6 14. c4 Ndb4 15.
Bxb4 Nxb4 16. O-O-O a6 17. Nc3 b6 18. a3 Nc6 19. Nd5 Rb8 20. exd6 exd6 21. Ng5
f5 22. Bd3 h6 23. Nf3 Ne7 24. Nh4 Nxd5 25. cxd5 Rg8 26. Nxg6 Kd8 27. Nh4 Bf6 28.
Nxf5 Bxf5 29. Bxf5 Rxg2 30. Rd2 Rxd2 31. Kxd2 Bxb2 32. a4 Kc7 33. Bd3 b5 34.
axb5 axb5 35. Rb1 Bd4 36. Bxb5 Rg8 37. Rc1+ Bc5 38. Be2 Rg2 39. h3 Kd8 40. Rf1
Ke7 41. Kd3 Kf6 42. Bf3 Ra2 43. Re1 Ra3+ 44. Ke4 Ra4+ 45. Kd3 Rxf4 46. Re6+ Kg7
47. Be4 Rh4 48. Re7+ Kf6 49. Rh7 Rxh3+ 50. Kc4 Ke5 51. Re7+ Kf4 52. Bg6 Kg5 53.
Be8 Rh4+ 54. Kb5 Rb4+ 55. Kc6 Rb6+ 56. Kc7 Rb2 57. Rg7+ Kf4 58. Rg6 Rh2 59. Rxd6
Bxd6+ 60. Kxd6 h5 1-0

[Event "St.Petersburg Summer Open"]
[Site "St Petersburg RUS"]
[Date "2016.08.25"]
[Round "9.57"]
[White "Biyachuev, Minkail"]
[Black "Romanov, Aleksandr"]
[Result "1-0"]
[WhiteElo "1400"]
[BlackElo "1722"]
[WhiteFideId "34120065"]
[BlackFideId "54111722"]
[EventDate "2016.08.17"]

1. d4 Nf6 2. Bf4 g6 3. e3 Bg7 4. Bd3 O-O 5. Nf3 d6 6. c4 Nbd7 7. Nbd2 Re8 8. Qc2
b6 9. e4 Bb7 10. h4 c5 11. d5 Rc8 12. Rb1 Qc7 13. b3 h6 14. Nh2 Qb8 15. Ndf3 e6
16. O-O e5 17. Bd2 h5 18. Ng5 a6 19. Be2 Nh7 20. Nxh7 Kxh7 21. Nf3 Nf6 22. Ng5+
Kg8 23. f3 Rc7 24. f4 Nh7 25. f5 Bc8 26. Nxh7 Kxh7 27. f6 Bf8 28. Qd1 Bg4 29.
Bxg4 hxg4 30. Qxg4 b5 31. h5 bxc4 32. hxg6+ fxg6 33. Rf3 1-0

[Event "St.Petersburg Summer Open"]
[Site "St Petersburg RUS"]
[Date "2016.08.25"]
[Round "9.58"]
[White "Corrente, Roberto"]
[Black "Radosevic, Nevena"]
[Result "0-1"]
[WhiteElo "1242"]
[BlackElo "1589"]
[WhiteFideId "36018562"]
[BlackFideId "900435"]
[EventDate "2016.08.17"]

1. e4 c5 2. Nc3 e6 3. f4 Nc6 4. Nf3 d6 5. d3 Nf6 6. h3 h5 7. g3 a6 8. a4 Qc7 9.
Bg2 Be7 10. O-O b6 11. Re1 Bb7 12. Bd2 O-O-O 13. Rb1 Rdg8 14. Ne2 Nh7 15. b4
cxb4 16. Bxb4 Nxb4 17. Rxb4 Qc5+ 18. Rd4 e5 19. fxe5 dxe5 20. Nxe5 Qxe5 21. Rc4+
Kb8 22. d4 Qg5 23. Qd3 h4 24. g4 Nf6 25. Bf3 Nd7 26. Rb1 Rh6 27. e5 Bxf3 28.
Qxf3 Nxe5 29. dxe5 Qxe5 30. Qf2 Bd8 31. Rb3 Re8 32. Rbc3 Rhe6 33. Rc8+ Kb7 34.
Nd4 Qe1+ 35. Qxe1 Rxe1+ 36. Kf2 b5 37. axb5 axb5 38. Nxb5 Bb6+ 39. Kf3 Rf1+ 40.
Kg2 Rf2+ 41. Kg1 Re1# 0-1

[Event "St.Petersburg Summer Open"]
[Site "St Petersburg RUS"]
[Date "2016.08.25"]
[Round "9.59"]
[White "Kapitsa, Artem"]
[Black "Trushnikov, Viacheslav"]
[Result "0-1"]
[WhiteElo "1402"]
[BlackElo "1758"]
[WhiteFideId "44188056"]
[BlackFideId "24115185"]
[EventDate "2016.08.17"]

1. d4 Nf6 2. c4 g6 3. Nc3 d5 4. cxd5 Nxd5 5. Nxd5 Qxd5 6. e3 Bg7 7. Qc2 Nc6 8.
a3 O-O 9. Qc4 Be6 10. Qb5 Qxb5 11. Bxb5 Na5 12. Ba4 Nb3 13. Bxb3 Bxb3 14. Ne2 e5
15. Bd2 Rfd8 16. Bc3 Bd5 17. O-O Bc4 18. Rfe1 Bxe2 19. Rxe2 exd4 20. Bxd4 Bxd4
21. exd4 Rxd4 22. Rae1 Rad8 23. g3 Rd1 24. Kf1 Rxe1+ 25. Kxe1 Kf8 26. Rc2 c6 27.
f4 Rd6 28. Rc4 Ke7 29. Ra4 a6 30. Rb4 b5 31. Ke2 Kd7 32. Ke3 f5 33. Rb3 c5 34.
Rc3 Kc6 35. Ke2 Rd4 36. Re3 a5 37. Re7 h5 38. Re6+ Rd6 39. Re5 Kb6 40. Kf3 a4
41. Re2 b4 42. Kg2 Kb5 43. Kh3 Kc4 44. Kh4 bxa3 45. bxa3 Kb3 46. Re3+ Kb2 47.
Kg5 c4 48. Re8 c3 0-1